000 01424nam a2200337 i 4500
003 DO-SdBNP
005 20260702132258.0
007 ta
008 260702b2019 dr a|||| |||| 00| 0 spa d
020 _a9789945866520
040 _aDO-SdBNP
_bspa
_cBNPHU
_erda
041 _aspa
082 4 _axxx
_bR173m
_222
100 _aRamírez González, Ildefonso
_eautor
_4aut.
_979266
245 1 0 _a1800 :
_breedición de la novela de Fray Juan Talamanco a nuestra Señora de la Altagracia /
_cIldefonso Ramírez González, Aurelio García López corrector de estilo, Ana I. Muñoz Cabrera ; prólogo, Mons. Francisco, Ozoria Acosta
246 _aMil ochocientos, reedición de la novela de Fray Juan Talamanco a nuestra Señora de la Altagracia
264 _a Santo Domingo :
_bFundación Luces y Sombras,
_c2019.
300 _a63 páginas :
_bilustraciones ;
_c21 cm.
336 _atexto
_btxt
_2rdacontent
337 _asin mediación
_bn
_2rdamedia
338 _avolumen
_bnc
_2rdacarrier
504 _aBibliografía: páginas 57-63
590 _aInventariado, 2026 /LP
700 1 _aGarcía López, Aurelio,
_eautor
_4aut.
_990465
700 1 _aMuñoz Cabrera, Ana I.
_ecorrector
_4corr.
_990466
700 1 _aOzoria Acosta, Francisco
_eprologuista
_4pr.
_990467
700 1 _aNúñez, Juan Gilberto,
_eeditorial
_4ed.
_934480
700 1 _aNúñez Arias, Rocío
_eeditorial
_4ed.
_990468
910 _aLP
942 _2ddc
_cLBS1
999 _c60994
_d60994